Power electronics (Record no. 1404)

000 -LEADER
fixed length control field 00542nam a2200205 4500
001 - CONTROL NUMBER
control field 1404
003 - CONTROL NUMBER IDENTIFIER
control field BD-DhUET
008 - FIXED-LENGTH DATA ELEMENTS--GENERAL INFORMATION
fixed length control field 140906b xxu||||| |||| 00| 0 eng d
020 ## - INTERNATIONAL STANDARD BOOK NUMBER
International Standard Book Number 8120325036
040 ## - CATALOGING SOURCE
Transcribing agency 0
Modifying agency BD-DhUET
082 ## - DEWEY DECIMAL CLASSIFICATION NUMBER
Classification number 623.17
Item number RAS/2004
100 ## - MAIN ENTRY--PERSONAL NAME
Personal name Rashid, Muhammad H.
245 ## - TITLE STATEMENT
Title Power electronics
Remainder of title circuits, devices, and applications
250 ## - EDITION STATEMENT
Edition statement 3rd ed.
260 ## - PUBLICATION, DISTRIBUTION, ETC. (IMPRINT)
Place of publication, distribution, etc. New Delhi
Name of publisher, distributor, etc. Prentice-Hall of India
Date of publication, distribution, etc. 2004
300 ## - PHYSICAL DESCRIPTION
Extent xxiv,880p.
504 ## - BIBLIOGRAPHY, ETC. NOTE
Bibliography, etc Includes bibliographies
650 #0 - SUBJECT ADDED ENTRY--TOPICAL TERM
Topical term or geographic name as entry element Power electronics
942 ## - ADDED ENTRY ELEMENTS (KOHA)
Koha item type General Book
Holdings
Location (home branch) Sublocation or collection (holding branch) Source of classification or shelving scheme Date acquired Koha item type Koha date last seen Koha normalized classification for sorting Not for loan Lost status Copy number Koha date last borrowed Koha issues (times borrowed) Damaged status Shelving location Price effective from Koha full call number Withdrawn status Piece designation (barcode)
Central Library, BUETCentral Library, BUET 2014-09-06General Book2022-04-12623_000000000000000_17RAS2004  12021-12-194 Circulation section2014-09-06623.17/RAS/2004 103652
Central Library, BUETCentral Library, BUET 2014-09-06General Book2022-11-29623_000000000000000_17RAS2004  22022-11-291 Circulation section2014-09-06623.17/RAS/2004 103653
Central Library, BUETCentral Library, BUET 2014-09-06General Book2018-11-27623_000000000000000_17RAS2004  32018-10-282 Circulation section2014-09-06623.17/RAS/2004 103654
Central Library, BUETCentral Library, BUET 2014-09-06General Book2014-09-06623_000000000000000_17RAS2004  4   Circulation section2014-09-06623.17/RAS/2004 103655
Central Library, BUETCentral Library, BUET 2014-09-06General Book2016-03-07623_000000000000000_17RAS2004  52014-12-071 Circulation section2014-09-06623.17/RAS/2004 103656
Central Library, BUETCentral Library, BUET 2014-09-06General Book2025-01-26623_000000000000000_17RAS2004  62023-09-234 Circulation section2014-09-06623.17/RAS/2004 103657
Central Library, BUETCentral Library, BUET 2014-09-06General Book2025-02-09623_000000000000000_17RAS2004  72024-12-083 Circulation section2014-09-06623.17/RAS/2004 103658
Central Library, BUETCentral Library, BUET 2014-09-06General Book2023-10-04623_000000000000000_17RAS2004  82023-09-243 Circulation section2014-09-06623.17/RAS/2004 103659
Central Library, BUETCentral Library, BUET 2014-09-06General Book2014-09-06623_170000000000000_RAS_2004  9   Circulation section2014-09-06623.17/RAS/2004 103660
Central Library, BUETCentral Library, BUET 2014-09-06General Book2014-09-06623_000000000000000_17RAS2004  10   Circulation section2014-09-06623.17/RAS/2004 103661